00835nam a2200193 4500001000700000003000900007005001700016007000300033008004100036245019200077260007300269300003000342700003000372700003700402700002900439852003200468999001900500952012200519148233ES-MaACL20230906202516.0t|070214s1971 sp r ||||1| spa d03aEl capitalismo b: de Manchester a Wall Street : textos, ilustraciones y documentos / ceditados por Diether Stolze y Michael Jungblut ; [versión española de Joaquín Adsuar Ortega]. aBarcelona : bLuis de Caralt, c[1971] (eAndorra : fCasall i Vall) a382 p. : bil. ; c25 cm.1 aJungblut, Michael.9672911 aAdsuar Ortega, Joaquín.9184921 aStolze, Diether.9108300 aES-MaACLjC-42687 bR.81453 c148233d148233 00104070aATENEOMbATENEOMcDEPO2d2008-01-17eSCl0oC-42687p1154695r2023-02-23 00:00:00w2023-02-23yMONOGRAFIA